<?xml version="1.0" encoding="UTF-8"?>
<record
    xmlns:xsi="http://www.w3.org/2001/XMLSchema-instance"
    xsi:schemaLocation="http://www.loc.gov/MARC21/slim http://www.loc.gov/standards/marcxml/schema/MARC21slim.xsd"
    xmlns="http://www.loc.gov/MARC21/slim">

  <leader>01891    a2200217   4500</leader>
  <controlfield tag="001">41437</controlfield>
  <controlfield tag="005">20260407155708.0</controlfield>
  <controlfield tag="008">260407a1968    arg                 spa d</controlfield>
  <controlfield tag="003">AR-UNSa-BCEJYS</controlfield>
  <datafield tag="040" ind1=" " ind2=" ">
    <subfield code="a">AR-UNSa-BCEJYS</subfield>
    <subfield code="b">spa</subfield>
    <subfield code="c">AR-UNSa-BCEJYS</subfield>
  </datafield>
  <datafield tag="080" ind1=" " ind2=" ">
    <subfield code="a">349.2</subfield>
    <subfield code="x">Derecho del Trabajo</subfield>
  </datafield>
  <datafield tag="245" ind1="1" ind2="0">
    <subfield code="a">Tratado pr&#xE1;ctico de derecho del trabajo</subfield>
  </datafield>
  <datafield tag="250" ind1=" " ind2=" ">
    <subfield code="a">2a. ed.</subfield>
  </datafield>
  <datafield tag="264" ind1=" " ind2="1">
    <subfield code="a">Buenos Aires :</subfield>
    <subfield code="b">Ediciones Depalma</subfield>
    <subfield code="c">1968</subfield>
  </datafield>
  <datafield tag="300" ind1=" " ind2=" ">
    <subfield code="a">2 v. (601 ; 492 p.)</subfield>
    <subfield code="c">24 cm.</subfield>
  </datafield>
  <datafield tag="505" ind1=" " ind2=" ">
    <subfield code="a">Vol. I. Parte Primera: Aspectos generales de derecho del trabajo. 1. Ideas fundamentales - 2. Evoluci&#xF3;n hist&#xF3;rica del derecho del trabajo - 3. Las fuentes de derecho del trabajo - 4. La interpretaci&#xF3;n del derecho del trabajo - 5. La aplicaci&#xF3;n del derecho del trabajo en el espacio y en el tiempo - 6. Los sujetos del derecho del trabajo - Parte Segunda: El contrato individual de trabajo. 1. Realizaci&#xF3;n del contrato de trabajo - 2. El desenvolvimiento del contrato de trabajo  - 3. Transferencia y extinci&#xF3;n del contrato de trabajo - 4. Contratos de trabajo especiales -- Vol. II: Parte tercera: El derecho colectivo del trabajo. 1. El derecho de las asociaciones profesionales - 2. El derecho de las convenciones colectivas de trabajo - 3. El derecho material de los conflictos colectivos de trabajo - Parte Cuarta: Organizaci&#xF3;n y reglamentaci&#xF3;n administrativas del trabajo. 1. Organismos y servicios del trabajo - 2. Normas reglamentarias del trabajo (Normas de protecci&#xF3;n espec&#xED;fica) - Parte Quinta: Derecho procesal del trabajo. 1. Los conflictos individuales de trabajo (Jurisdicci&#xF3;n del trabajo) - 2. Los conflictos colectivos de trabajo (procedimientos de conciliaci&#xF3;n y de arbitraje extrajudiciales) - Parte Sexta: El derecho del trabajo en el plano internacional y mundial</subfield>
  </datafield>
  <datafield tag="041" ind1=" " ind2=" ">
    <subfield code="a">spa</subfield>
  </datafield>
  <datafield tag="942" ind1=" " ind2=" ">
    <subfield code="c">BK</subfield>
  </datafield>
  <datafield tag="590" ind1=" " ind2=" ">
    <subfield code="a">niveau_biblio:m niveau_hierar:0</subfield>
  </datafield>
  <datafield tag="100" ind1="1" ind2=" ">
    <subfield code="a">Krotoschin, Ernesto</subfield>
  </datafield>
  <datafield tag="999" ind1=" " ind2=" ">
    <subfield code="c">3507</subfield>
    <subfield code="d">3507</subfield>
  </datafield>
  <datafield tag="952" ind1=" " ind2=" ">
    <subfield code="0">0</subfield>
    <subfield code="1">0</subfield>
    <subfield code="4">0</subfield>
    <subfield code="7">0</subfield>
    <subfield code="a">BCEJYS</subfield>
    <subfield code="b">BCEJYS</subfield>
    <subfield code="c">16</subfield>
    <subfield code="d">2026-04-07</subfield>
    <subfield code="l">0</subfield>
    <subfield code="o">349.2 K93 v.1 2ed</subfield>
    <subfield code="p">L21603</subfield>
    <subfield code="r">2026-04-07 15:57:08</subfield>
    <subfield code="w">2026-04-07</subfield>
    <subfield code="y">L</subfield>
  </datafield>
  <datafield tag="952" ind1=" " ind2=" ">
    <subfield code="0">0</subfield>
    <subfield code="1">0</subfield>
    <subfield code="4">0</subfield>
    <subfield code="7">0</subfield>
    <subfield code="a">BCEJYS</subfield>
    <subfield code="b">BCEJYS</subfield>
    <subfield code="c">16</subfield>
    <subfield code="d">2026-04-07</subfield>
    <subfield code="l">0</subfield>
    <subfield code="o">349.2 K93 v.2 2ed</subfield>
    <subfield code="p">L21604</subfield>
    <subfield code="r">2026-04-07 15:57:08</subfield>
    <subfield code="w">2026-04-07</subfield>
    <subfield code="y">L</subfield>
  </datafield>
</record>
